Top 15 Celebrities Born In 1980 - Statistics

General Stats
  • This quiz has been taken 250 times
    201 since last reset
  • The average score is 6 of 15
Answer Stats
Picture Answer % Correct
Kim Kardashian
89%
Ryan Gosling
86%
Macaulay Culkin
73%
Channing Tatum
67%
Rebel Wilson
63%
Kristen Bell
47%
Christina Aguilera
44%
Christina Ricci
35%
Nick Cannon
29%
Jessica Simpson
25%
T.I.
16%
Matthew Gray Gubler
13%
Gotye
11%
Gucci Mane
8%
Matt Slays
2%
No matching quizzes found
Score Distribution
Percent of People with Each Score
Percentile by Number Answered
Your Score History
You have not taken this quiz since the last reset